| 000 | 01257nam a2200337 a 4500 | ||
|---|---|---|---|
| 001 | 000111197 | ||
| 003 | CHAP | ||
| 005 | 20220329144202.0 | ||
| 008 | 150115s2014 mx a fsm |||||||spa d | ||
| 010 | _a107659 | ||
| 011 | _a108631 | ||
| 040 | _cCHAP | ||
| 090 | _aTesis | ||
| 100 | 1 |
_aGutiérrez Gutiérrez, Josué J. _9129017 |
|
| 245 | 1 | 3 |
_aLa actividad del tlapatlalo en el mercado municipal de San Sebastián _h[En línea] _cpor Josué J. Gutiérrez Gutiérrez y Fernando Guzmán Correo. |
| 260 |
_aZinacatepec, Pue. : _bEl autor, _c2014. |
||
| 500 | _aPara ver el contenido del material haga clic en la liga | ||
| 502 | _aTesis (Ing. Agr. Esp. en Zonas Tropicales) -- UACH. Dirección de Centros Regionales Universitarios | ||
| 590 |
_aE11695DGD _b10 _c20150122 _lUCH01 _h1208 |
||
| 590 |
_aE6096MTM _b05 _c20150115 _lUCH01 _h1457 |
||
| 590 |
_aE6096MTM _b05 _c20150119 _lUCH01 _h1057 |
||
| 590 |
_aE6096MTM _b05 _c20150119 _lUCH01 _h1112 |
||
| 650 | 1 | 4 |
_aMercados _xPuebla. _974935 |
| 650 | 1 | 4 |
_aNegocios. _980696 |
| 650 | 1 | 4 |
_aPuebla _xCondiciones económicas. _992870 |
| 700 | 1 |
_aGuzmán Correo, Fernando _9129018 |
|
| 856 |
_aFinding aid _uhttp://10.13.5.2/tesis/sist111197.pdf _zTeclea aquí |
||
| 901 | _aBK | ||
| 942 | _cTESIS | ||
| 942 | _n0 | ||
| 999 |
_c107659 _d107659 |
||